Media punti più alta per Gran Premio in Formula 1 - Statistics

Statistiche generali
  • Questo quiz è stato fatto 43 volte
  • Il punteggio medio è 7 su 7
Statistiche sulle risposte
Nazione Punti Gran premi Media punti / gran premio Pilota % Corretto
Regno Unito 4 606,5 328 14,04 Lewis Hamilton
100%
Paesi Bassi 2 477,5 181 13,69 Max Verstappen
100%
Monaco 1 019 120 8,49 Charles Leclerc
98%
Spagna 2 244 373 6,00 Fernando Alonso
98%
Germania 3 098 299 10,36 Sebastian Vettel
93%
Finlandia 1 797 218 8,24 Valtteri Bottas
85%
Germania 1 594,5 206 7,74 Nico Rosberg
80%
Nessun quiz corrispondente trovato
Distribuzione punteggi
Percentuale di utenti per punteggio
Percentile per numero di risposta
I tuoi punteggi nel tempo
Non hai fatto questo quiz